Vysťahovalectvo Slovákov za prácou v historickom kontexte
Historické míľniky slovenského vysťahovalectva (koniec 19. a 20. storočie).
Saved in:
| Main Author: | |
|---|---|
| Format: | Book Chapter |
| Language: | Slovak |
| Subjects: | |
| Tags: |
No Tags, Be the first to tag this record!
|
MARC
| LEADER | 00000naa a2200000 4500 | ||
|---|---|---|---|
| 001 | 0258791 | ||
| 005 | 20191010122936.7 | ||
| 041 | 0 | |a slo | |
| 044 | |a SK | ||
| 245 | 1 | 0 | |a Vysťahovalectvo Slovákov za prácou v historickom kontexte |c Tatiana Masárová |
| 520 | |a Historické míľniky slovenského vysťahovalectva (koniec 19. a 20. storočie). | ||
| 610 | 2 | 0 | |a história |
| 610 | 2 | 0 | |a Slovensko |
| 610 | 2 | 0 | |a migrácia |
| 610 | 2 | 0 | |a USA |
| 610 | 2 | 0 | |a pohyb síl pracovných medzinárodný |
| 100 | 1 | |a Masárová, Tatiana | |